| 000 | 01300nam a2200313 4500 | ||
|---|---|---|---|
| 003 | EG-GICUC | ||
| 005 | 20260121101239.0 | ||
| 008 | 251118s2008 ua ||||fr|||| 00| 0 ara d | ||
| 017 | _a200514260 | ||
| 040 |
_a EG-GICUC _bara _c EG-GICUC _d EG-GICUC _erda |
||
| 041 | 0 | _aara | |
| 082 | 0 | 4 |
_221 _a341.851 _bه ش . م |
| 092 | 0 | 4 | _221 |
| 099 | _aLaw1 12 341.851 ه ش . م 2008 | ||
| 100 | 0 |
_aهشام خالد _eمؤلف. |
|
| 245 | 1 | 0 |
_aمعيار دولية التحكيم التجارى : _bدراسة مقارنة فى الأنظمة القانونية اللاتينية والأنجلوسكسونية والعربية , الاتفاقيات الدولية / _cهشام خالد. |
| 264 |
_aالاسكندرية : _bمنشأة المعارف، _c2008. |
||
| 300 |
_a728 ؛ صفحة _c24 سم. |
||
| 336 |
_2rda content _atext |
||
| 337 |
_2rda media _aComputer |
||
| 338 |
_2rda carrier _aOnline Resource |
||
| 504 | _aيحتوي على اراجاعات ببليوجرافية | ||
| 546 | _aالنص أغلبه باللغة العربية مع بعض النصوص الإنجليزية | ||
| 650 | 1 |
_aالتحكيم - قانون دولي _2qrmak |
|
| 651 | 1 | _2qrmak | |
| 856 | 4 | 0 | _uhttps://fll.law.cu.edu.eg/fulltext/bks/B12-01468.pdf |
| 905 |
_a75 _eYara |
||
| 942 |
_2ddc _n0 _cBK _e21 |
||
| 999 |
_c44202 _d44202 |
||